[Event "Pfalz op-B 8th"]
[Site "Neustadt an der Weinstrasse"]
[Date "2017.02.25"]
[Round "2"]
[White "Cornish, Alexander"]
[Black "Wuertele, Stephan"]
[Result "1-0"]
[WhiteElo "1849"]
[BlackElo "1723"]
[PlyCount "169"]
[EventDate "2017.02.24"]
[EventType "swiss"]
[EventRounds "7"]
[EventCountry "GER"]
[SourceTitle "CBM 177 Extra"]
[Source "ChessBase"]
[SourceDate "2017.04.27"]
[SourceVersion "1"]
[SourceVersionDate "2017.04.27"]
[SourceQuality "1"]

1. e4 e6 2. d4 d5 3. Nc3 Nf6 4. e5 Nfd7 5. f4 c5 6. Nf3 Nc6 7. Be3 Be7 8. Qd2 a6 9. Qf2 Qa5 10. 0-0-0 b5 11. Kb1 b4 12. Ne2 c4 13. Bc1 Rb8 14. f5 exf5 15. Nf4 b3 16. cxb3 cxb3 17. a3 Nb6 18. Qd2 Qa4 19. Bd3 Be6 20. Qe2 Nb4 21. Nxe6 fxe6 22. Ng5 Nxd3 23. Rxd3 Kd7 24. g4 h6 25. Nf7 Rhe8 26. gxf5 Nc4 27. fxe6+ Kc7 28. Nd6 Nxd6 29. exd6+ Bxd6 30. Rc3+ Kb7 31. Qf3 Qxd4 32. Rxb3+ Ka8 33. Rd3 Rf8 34. Qxd5+ Qxd5 35. Rxd5 Bxa3 36. Ra5 Bb4 37. Rxa6+ Kb7 38. Ra4 Kc6 39. Be3 Rfe8 40. Rc1+ Kd5 41. Ra7 Rxe6 42. Bf4 Rbb6 43. Rxg7 Re2 44. Rc2 Rxc2 45. Kxc2 Ke4 46. Rg4 Kf3 47. Rh4 Be1 48. Rxh6 Rb5 49. Rf6 Kg4 50. Bg3 Ba5 51. Rf4+ Kg5 52. Rc4 Bb4 53. b3 Ba5 54. Bd6 Rd5 55. b4 Bb6 56. Bc5 Bd8 57. b5 Kf6 58. b6 Ke6 59. b7 Bc7 60. h4 Kd7 61. Ba7 Bd6 62. b8Q Bxb8 63. Bxb8 Ke7 64. Rg4 Kf7 65. Bf4 Kf6 66. Kc3 Rd7 67. Be3 Kf5 68. Rg5+ Ke4 69. Rg3 Rd3+ 70. Kc4 Rd1 71. Bg5 Rh1 72. Kc5 Ke5 73. Re3+ Kf5 74. Kd4 Rd1+ 75. Rd3 Re1 76. Kd5 Re5+ 77. Kd6 Re6+ 78. Kd7 Re4 79. Rd5+ Kg4 80. Kd6 Re2 81. Re5 Rg2 82. Ke6 Rf2 83. Re4+ Kg3 84. Ke5 Rf7 85. h5 1-0

[Event "Rheinhessen-ch HT1"]
[Site "Mainz"]
[Date "2009.04.10"]
[Round "5"]
[White "Cornish, Alexander"]
[Black "Meurer, Hans Guenter"]
[Result "1-0"]
[WhiteElo "1610"]
[BlackElo "1695"]
[PlyCount "47"]
[EventDate "2009.04.04"]
[EventType "swiss"]
[EventRounds "7"]
[EventCountry "GER"]
[SourceTitle "EXT 2011"]
[Source "ChessBase"]
[SourceDate "2010.11.26"]
[SourceVersion "1"]
[SourceVersionDate "2010.11.26"]
[SourceQuality "1"]

1. d4 Nf6 2. Nc3 c6 3. e4 d5 4. e5 Nfd7 5. Bg5 h6 6. Qh5 Nb6 7. Bd3 Be6 8. f4 Qd7 9. Nge2 Bg4 10. Qh4 g6 11. Ng3 Bg7 12. Bxe7 Qxe7 13. Qxg4 0-0 14. f5 h5 15. Qe2 Qg5 16. 0-0 h4 17. e6 Bxd4+ 18. Kh1 hxg3 19. fxg6 f5 20. e7 N8d7 21. exf8Q+ Rxf8 22. Rxf5 Rxf5 23. Qe6+ Rf7 24. Qxf7+ 1-0

[Event "Rheinhessen-ch HT1"]
[Site "Mainz"]
[Date "2009.04.04"]
[Round "1"]
[White "Cornish, Alexander"]
[Black "Schneider, Johannes"]
[Result "0-1"]
[WhiteElo "1610"]
[BlackElo "1908"]
[PlyCount "120"]
[EventDate "2009.04.04"]
[EventType "swiss"]
[EventRounds "7"]
[EventCountry "GER"]
[SourceTitle "EXT 2011"]
[Source "ChessBase"]
[SourceDate "2010.11.26"]
[SourceVersion "1"]
[SourceVersionDate "2010.11.26"]
[SourceQuality "1"]

1. d4 d5 2. c4 c6 3. Nc3 Nf6 4. Bg5 e6 5. e3 Nbd7 6. Nf3 Qa5 7. Bxf6 Nxf6 8. Bd3 g6 9. Ne5 Nd7 10. f4 Qb4 11. 0-0 Bh6 12. a3 Qe7 13. Qf3 0-0 14. e4 Nxe5 15. fxe5 dxc4 16. Bxc4 Bg7 17. Qg3 Bd7 18. Rae1 b5 19. Ba2 Rae8 20. Re2 c5 21. d5 exd5 22. Nxd5 Qxe5 23. Qxe5 Bxe5 24. Nf6+ Bxf6 25. Rxf6 Be6 26. Bxe6 fxe6 27. Rxf8+ Kxf8 28. Rd2 Ke7 29. Rc2 c4 30. a4 a6 31. axb5 axb5 32. b3 Rc8 33. bxc4 Rxc4 34. Re2 b4 35. e5 Kd7 36. Rd2+ Kc7 37. Rb2 Kc6 38. Kf2 Kd5 39. Ke3 Kxe5 40. Kd3 Kd5 41. g3 e5 42. Ra2 Rc3+ 43. Kd2 Kd4 44. Ra7 Ra3 45. Rxh7 Ra2+ 46. Kc1 e4 47. Rd7+ Kc3 48. Rc7+ Kd3 49. Rd7+ Ke3 50. Rb7 Rxh2 51. Rxb4 Kf3 52. Rb6 g5 53. Rb3+ e3 54. Rb5 g4 55. Kd1 Rh1+ 56. Kc2 e2 57. Rb3+ Kf2 58. Rb2 e1Q 59. Kd3+ Kxg3 60. Rb3 Qe6 0-1

[Event "GER-ch U14"]
[Site "Willingen"]
[Date "2007.05.31"]
[Round "8"]
[White "Cornish, Alexander"]
[Black "Goepfert, Jakob"]
[Result "1/2-1/2"]
[WhiteElo "1460"]
[BlackElo "1472"]
[PlyCount "59"]
[EventDate "2007.05.26"]
[EventType "swiss"]
[EventRounds "9"]
[EventCountry "GER"]
[SourceTitle "CBM 118 Extra"]
[Source "ChessBase"]
[SourceDate "2007.07.04"]
[SourceVersion "1"]
[SourceVersionDate "2007.07.04"]
[SourceQuality "1"]

1. e4 c6 2. d4 d5 3. Nc3 dxe4 4. Nxe4 Bf5 5. Ng3 Bg6 6. Nf3 Nd7 7. Bd3 Bxd3 8. Qxd3 Ngf6 9. 0-0 e6 10. Re1 Be7 11. Bd2 0-0 12. Rac1 Qb6 13. Qb3 Qxb3 14. axb3 Rfd8 15. c4 Bf8 16. Rcd1 c5 17. Bc3 cxd4 18. Bxd4 a6 19. Ne5 Bb4 20. Rf1 Nxe5 21. Bxe5 Be7 22. h3 Rxd1 23. Rxd1 Rd8 24. Rxd8+ Bxd8 25. Kf1 Kf8 26. Ke2 Nd7 27. Bd6+ Be7 28. Ba3 b5 29. Bxe7+ Kxe7 30. Kd3 1/2-1/2

[Event "GER-ch U14"]
[Site "Willingen"]
[Date "2007.05.30"]
[Round "7"]
[White "Cornish, Alexander"]
[Black "Veit, Bjoern"]
[Result "0-1"]
[WhiteElo "1460"]
[BlackElo "1323"]
[PlyCount "52"]
[EventDate "2007.05.26"]
[EventType "swiss"]
[EventRounds "9"]
[EventCountry "GER"]
[SourceTitle "CBM 118 Extra"]
[Source "ChessBase"]
[SourceDate "2007.07.04"]
[SourceVersion "1"]
[SourceVersionDate "2007.07.04"]
[SourceQuality "1"]

1. e4 e6 2. Nf3 d5 3. e5 c5 4. c3 Nc6 5. d4 Bd7 6. Be3 Qb6 7. Qd2 cxd4 8. Bxd4 Nxd4 9. cxd4 Be7 10. Bd3 f6 11. 0-0 fxe5 12. Nxe5 Nf6 13. Nc3 0-0 14. Rae1 Rfe8 15. a3 Rac8 16. Qe3 Bf8 17. Nd1 Ba4 18. Nc3 Bd7 19. Qh3 h6 20. Nxd5 Nxd5 21. Nxd7 Qxd4 22. Nxf8 Kxf8 23. Rxe6 Nf4 24. Qf5+ Kg8 25. Re4 Qxd3 26. Rxf4 Qxf1+ 0-1

[Event "GER-ch U14"]
[Site "Willingen"]
[Date "2007.05.27"]
[Round "2"]
[White "Braeuer, Franz"]
[Black "Cornish, Alexander"]
[Result "0-1"]
[WhiteElo "1919"]
[BlackElo "1460"]
[PlyCount "72"]
[EventDate "2007.05.26"]
[EventType "swiss"]
[EventRounds "9"]
[EventCountry "GER"]
[SourceTitle "CBM 118 Extra"]
[Source "ChessBase"]
[SourceDate "2007.07.04"]
[SourceVersion "1"]
[SourceVersionDate "2007.07.04"]
[SourceQuality "1"]

1. e4 c5 2. Nf3 d6 3. Bb5+ Bd7 4. Bxd7+ Qxd7 5. c4 g6 6. 0-0 Bg7 7. d4 cxd4 8. Nxd4 Nc6 9. Be3 Nf6 10. f3 0-0 11. Nc3 a6 12. Qd2 Rfe8 13. Rac1 Rac8 14. b3 Qc7 15. Nd5 Qd8 16. Nxf6+ Bxf6 17. Rfd1 Qd7 18. Ne2 Qc7 19. Nc3 Bg7 20. Nd5 Qd8 21. Bb6 Qd7 22. Kh1 Nd8 23. c5 Ne6 24. cxd6 Qxd6 25. Rxc8 Rxc8 26. Rc1 Rc6 27. Rxc6 bxc6 28. Nxe7+ Qxe7 29. h3 Be5 30. Qa5 Qb7 31. Qxe5 Qxb6 32. Qd6 Qc5 33. Qb8+ Kg7 34. Qc8 a5 35. Qa8 Nf4 36. Qb8 Ne2 0-1

[Event "GER-ch U12"]
[Site "Willingen"]
[Date "2005.05.20"]
[Round "10"]
[White "Billing, Alexander"]
[Black "Cornish, Alexander"]
[Result "1/2-1/2"]
[WhiteElo "1728"]
[BlackElo "1466"]
[PlyCount "31"]
[EventDate "2005.05.14"]
[EventType "swiss"]
[EventRounds "11"]
[EventCountry "GER"]
[SourceTitle "CBM 106 Extra"]
[Source "ChessBase"]
[SourceDate "2005.07.01"]
[SourceVersion "1"]
[SourceVersionDate "2005.07.01"]
[SourceQuality "1"]

1. e4 e6 2. d3 d5 3. Nd2 Nf6 4. g3 dxe4 5. dxe4 e5 6. Bg2 Nc6 7. c3 Bc5 8. Ngf3 0-0 9. 0-0 Be6 10. Qc2 Bb6 11. Ng5 Bg4 12. Nc4 h6 13. Nxb6 axb6 14. Nf3 Qe7 15. Be3 b5 16. a4 1/2-1/2

[Event "GER-ch U12"]
[Site "Willingen"]
[Date "2004.06.01"]
[Round "6"]
[White "Wisheckel, Lena"]
[Black "Cornish, Alexander"]
[Result "0-1"]
[WhiteElo "1259"]
[BlackElo "1404"]
[PlyCount "68"]
[EventDate "2004.06.??"]
[EventType "swiss"]
[EventRounds "11"]
[EventCountry "GER"]
[SourceTitle "EXT 2005"]
[Source "ChessBase"]
[SourceDate "2004.11.15"]
[SourceVersion "1"]
[SourceVersionDate "2004.11.15"]
[SourceQuality "1"]

1. e4 e6 2. Nc3 d5 3. exd5 exd5 4. Nf3 Nf6 5. g3 Bg4 6. Bg2 c6 7. 0-0 Be7 8. d4 0-0 9. Qd3 Nbd7 10. Re1 Bd6 11. Bd2 Qc7 12. a3 a5 13. b3 Rfe8 14. a4 Bb4 15. Na2 Bd6 16. Nc3 g6 17. Rac1 Bf5 18. Qf1 Rxe1 19. Bxe1 Re8 20. Nd2 Ba3 21. Ra1 Bb2 22. Ra2 Bxc3 23. Nf3 Ne4 24. Kh1 Bxe1 25. Nxe1 Nd2 26. Qg1 Nf6 27. f3 Qe7 28. Ra1 Qb4 29. g4 Bxg4 30. fxg4 Nxg4 31. Bxd5 cxd5 32. Qxg4 Qc3 33. Rc1 Nxb3 34. Nd3 Nxc1 0-1

[Event "GER-chT U12"]
[Site "Verden an der Aller"]
[Date "2003.12.30"]
[Round "7.2"]
[White "Leschner, Marius"]
[Black "Cornish, Alexander"]
[Result "1-0"]
[WhiteElo "1234"]
[BlackElo "1201"]
[PlyCount "149"]
[EventDate "2003.12.27"]
[EventType "team-swiss"]
[EventRounds "7"]
[EventCountry "GER"]
[SourceTitle "EXT 2022"]
[Source "ChessBase"]
[SourceDate "2021.10.06"]
[SourceVersion "1"]
[SourceVersionDate "2021.10.06"]
[SourceQuality "1"]
[WhiteTeam "Chemnitz USG"]
[BlackTeam "Feilbingert SK"]
[WhiteTeamCountry "GER"]
[BlackTeamCountry "GER"]

1. e4 c5 2. Nf3 d6 3. d4 cxd4 4. Nxd4 Nf6 5. Nc3 g6 6. Bc4 Bg7 7. Be3 0-0 8. 0-0 Bd7 9. f3 Nc6 10. Nxc6 Bxc6 11. Qe2 Rc8 12. Bb3 b6 13. Rad1 Qc7 14. Rd2 Nd7 15. Nd1 Nc5 16. Bxc5 bxc5 17. c3 Qb6 18. Kh1 Kh8 19. Ne3 Bh6 20. Rc2 Bb5 21. Bc4 Bxe3 22. Bxb5 Bh6 23. Bd3 Bg7 24. Rb1 Rb8 25. b4 a5 26. b5 Rfc8 27. a4 Qc7 28. Bc4 Kg8 29. Bd5 e6 30. Bc4 Kf8 31. Rd1 Ke7 32. Qf2 h5 33. f4 Rf8 34. Qf3 Qb6 35. Qh3 Qb7 36. Re2 Qd7 37. e5 d5 38. Bb3 Qa7 39. Qh4+ Ke8 40. Red2 c4 41. Bxc4 Qc5 42. Bxd5 exd5 43. Rxd5 Qb6 44. Rd7 f6 45. Rxg7 Rd8 46. Rxd8+ Qxd8 47. Qe1 f5 48. Rxg6 Kf7 49. Rf6+ Kg7 50. Qg3+ Kh7 51. Qg6+ Kh8 52. Rxf8+ Qxf8 53. Qf6+ Qxf6 54. exf6 Kg8 55. b6 Kf7 56. b7 Kxf6 57. b8Q Kg7 58. Qe5+ Kg6 59. h4 Kh6 60. Qxf5 Kg7 61. Qg5+ Kf7 62. f5 Kf8 63. f6 Kf7 64. Qg7+ Ke6 65. f7 Kd5 66. f8R Kc4 67. Rd8 Kb3 68. Rc8 Kc2 69. Qd4 Kb3 70. Rb8+ Kc2 71. Rc8 Kc1 72. Qd3 Kb2 73. Rb8+ Ka3 74. c4+ Ka2 75. Qc2+ 1-0

[Event "GER-chT U12"]
[Site "Verden an der Aller"]
[Date "2003.12.29"]
[Round "6.2"]
[White "Cornish, Alexander"]
[Black "Riexinger, Martin"]
[Result "0-1"]
[WhiteElo "1201"]
[BlackElo "1289"]
[PlyCount "116"]
[EventDate "2003.12.27"]
[EventType "team-swiss"]
[EventRounds "7"]
[EventCountry "GER"]
[SourceTitle "EXT 2022"]
[Source "ChessBase"]
[SourceDate "2021.10.06"]
[SourceVersion "1"]
[SourceVersionDate "2021.10.06"]
[SourceQuality "1"]
[WhiteTeam "Feilbingert SK"]
[BlackTeam "Postbauer Heng"]
[WhiteTeamCountry "GER"]
[BlackTeamCountry "GER"]

1. e4 d6 2. d4 Nf6 3. Nc3 g6 4. Nf3 Bg7 5. Bc4 0-0 6. Be3 Ng4 7. 0-0 Nxe3 8. fxe3 c5 9. h3 e6 10. Qe2 Qb6 11. Na4 Qa5 12. b3 a6 13. Qd2 Qxd2 14. Nxd2 cxd4 15. Rae1 dxe3 16. Nf3 Nd7 17. Rxe3 b5 18. Be2 bxa4 19. bxa4 Nc5 20. Rd1 Rd8 21. e5 d5 22. Bf1 Nxa4 23. Rd4 Bd7 24. Red3 Bf8 25. Kh1 Bb5 26. Rd1 Nc3 27. Ra1 Bxf1 28. Rxf1 Nxa2 29. Ng5 Rd7 30. Ra1 Nc3 31. Rd3 Nb5 32. Rb3 Nd4 33. Rb2 Bg7 34. Re1 Rc8 35. Rb6 h6 36. Nf3 Nxf3 37. gxf3 Rxc2 38. Rxa6 Rf2 39. Ra3 d4 40. Rd3 Rc2 41. f4 Rc3 42. Red1 Rxd3 43. Rxd3 Kf8 44. Kg2 f6 45. exf6 Bxf6 46. Kf3 e5 47. fxe5 Bxe5 48. Ke4 Bg7 49. h4 Ke7 50. Kf3 Kd6 51. Ke4 Kc5 52. Kf3 Kc4 53. Ke2 Rb7 54. Rg3 Rb6 55. Kd2 Be5 56. Rg4 g5 57. hxg5 hxg5 58. Rxg5 Bf4+ 0-1

[Event "GER-chT U12"]
[Site "Verden an der Aller"]
[Date "2003.12.28"]
[Round "4.2"]
[White "Cornish, Alexander"]
[Black "Pfleger, Jochen"]
[Result "1-0"]
[WhiteElo "1201"]
[BlackElo "1214"]
[PlyCount "85"]
[EventDate "2003.12.27"]
[EventType "team-swiss"]
[EventRounds "7"]
[EventCountry "GER"]
[SourceTitle "EXT 2022"]
[Source "ChessBase"]
[SourceDate "2021.10.06"]
[SourceVersion "1"]
[SourceVersionDate "2021.10.06"]
[SourceQuality "1"]
[WhiteTeam "Feilbingert SK"]
[BlackTeam "Bad Mergentheim"]
[WhiteTeamCountry "GER"]
[BlackTeamCountry "GER"]

1. e4 e6 2. d4 d5 3. e5 c5 4. c3 Qb6 5. Nf3 cxd4 6. cxd4 Nc6 7. Nc3 Bb4 8. a3 Bxc3+ 9. bxc3 Bd7 10. Qc2 Rc8 11. Rb1 Qc7 12. Bb2 Na5 13. Bd3 h6 14. 0-0 Nc4 15. Bxc4 Qxc4 16. Nd2 Qa4 17. Qxa4 Bxa4 18. Ba1 Bc6 19. Rfc1 b5 20. g3 Ne7 21. Nb3 0-0 22. f4 Nf5 23. Kf2 g5 24. Rg1 Kh7 25. Rg2 g4 26. Na5 a6 27. Nb3 f6 28. Nc5 Rce8 29. Nxa6 fxe5 30. dxe5 d4 31. cxd4 Bxg2 32. Kxg2 Rd8 33. Rxb5 Nxd4 34. Rb7+ Kg6 35. Nc5 Kf5 36. Rh7 Nf3 37. Bc3 Rh8 38. Rf7+ Kg6 39. Rf6+ Kh7 40. Nxe6 Rc8 41. Rf7+ Kg6 42. Rf6+ Kh5 43. Ng7# 1-0

[Event "GER-chT U12"]
[Site "Verden an der Aller"]
[Date "2003.12.28"]
[Round "3.2"]
[White "Dinger, Solveig"]
[Black "Cornish, Alexander"]
[Result "0-1"]
[WhiteElo "1248"]
[BlackElo "1201"]
[PlyCount "142"]
[EventDate "2003.12.27"]
[EventType "team-swiss"]
[EventRounds "7"]
[EventCountry "GER"]
[SourceTitle "EXT 2022"]
[Source "ChessBase"]
[SourceDate "2021.10.06"]
[SourceVersion "1"]
[SourceVersionDate "2021.10.06"]
[SourceQuality "1"]
[WhiteTeam "Oberkochen"]
[BlackTeam "Feilbingert SK"]
[WhiteTeamCountry "GER"]
[BlackTeamCountry "GER"]

1. e4 e5 2. Nf3 Nc6 3. Bc4 Nf6 4. d3 h6 5. 0-0 d6 6. c3 Bg4 7. h3 Bh5 8. Be3 Be7 9. Nbd2 0-0 10. Qc2 a5 11. d4 exd4 12. cxd4 Nb4 13. Qb3 Bxf3 14. Nxf3 Nxe4 15. a3 d5 16. Be2 a4 17. Qd1 Nc6 18. Bb5 Bg5 19. Nxg5 Nxg5 20. Bxa4 Qf6 21. Bb3 Rfd8 22. Qd3 Na5 23. Bc2 g6 24. Rad1 Nc4 25. Qc3 Nxe3 26. fxe3 Qd6 27. Bb3 Ne4 28. Qc2 c6 29. Rf4 g5 30. Rf5 Ng3 31. Rf3 Rd7 32. Qc5 Qxc5 33. dxc5 Ne4 34. Rd4 Nxc5 35. Bc2 Ne6 36. Rd1 Rad8 37. Rf6 Kg7 38. Rff1 d4 39. exd4 Nxd4 40. Ba4 b5 41. Bxb5 cxb5 42. Rde1 Ne6 43. Re5 Rd5 44. Rff5 Nf4 45. h4 f6 46. Rxd5 Rxd5 47. Rxd5 Nxd5 48. hxg5 hxg5 49. Kf2 Kf7 50. Ke2 Ke6 51. Kd3 Nf4+ 52. Kc3 Kd5 53. Kb4 Nd3+ 54. Kc3 Nc5 55. Kb4 Kc6 56. g4 Nd3+ 57. Kc3 Ne5 58. Kb4 Nxg4 59. a4 bxa4 60. Kxa4 Ne5 61. b4 Nd7 62. Ka5 g4 63. b5+ Kc5 64. Ka6 g3 65. Kb7 g2 66. b6 g1Q 67. Ka7 Qa1+ 68. Kb7 Qh1+ 69. Ka7 Qh8 70. b7 Kb5 71. b8N Qxb8# 0-1

[Event "GER-chT U12"]
[Site "Verden an der Aller"]
[Date "2003.12.27"]
[Round "1.2"]
[White "Kirch, Florian"]
[Black "Cornish, Alexander"]
[Result "1-0"]
[WhiteElo "1604"]
[BlackElo "1201"]
[PlyCount "63"]
[EventDate "2003.12.27"]
[EventType "team-swiss"]
[EventRounds "7"]
[EventCountry "GER"]
[SourceTitle "EXT 2022"]
[Source "ChessBase"]
[SourceDate "2021.10.06"]
[SourceVersion "1"]
[SourceVersionDate "2021.10.06"]
[SourceQuality "1"]
[WhiteTeam "Grossenseebach"]
[BlackTeam "Feilbingert SK"]
[WhiteTeamCountry "GER"]
[BlackTeamCountry "GER"]

1. d4 d5 2. c4 e6 3. Nc3 Nf6 4. Bf4 Bd6 5. Bg3 Nc6 6. Nf3 b6 7. e3 0-0 8. Rc1 Ne7 9. Be2 Bb7 10. 0-0 c6 11. Qc2 Rc8 12. Rfd1 Bxg3 13. hxg3 Re8 14. b4 a6 15. a4 dxc4 16. Bxc4 b5 17. Be2 Ng6 18. Ne5 Nxe5 19. dxe5 Nd7 20. Ne4 Re7 21. Nd6 Rc7 22. Nxb7 Rxb7 23. Qxc6 Ra7 24. axb5 axb5 25. Bxb5 Kf8 26. Rd2 Ke8 27. Rcd1 Rc7 28. Qe4 g6 29. Qh4 h5 30. Qf6 Rc6 31. Qh8+ Nf8 32. Rxd8# 1-0